Football : les vainqueurs de l'Europa League par année - Statistiques

Statistiques générales
  • Ce quiz a été pris 58 fois
    52 depuis la dernière actualisation
  • Le résultat moyen est 19 sur 52
Statistiques - réponses
Année Club % Correct
2020 Séville
79%
2023 Séville
79%
2018 Atletico
76%
2014 Séville
74%
2016 Séville
74%
2021 Villarreal
74%
2019 Chelsea
71%
2022 Francfort
71%
2017 Manchester United
71%
2015 Séville
71%
2010 Atletico
50%
2013 Chelsea
41%
2012 Atletico
38%
2009 Shaktar
38%
2003 Porto
35%
2011 Porto
35%
2006 Séville
35%
2007 Séville
35%
1972 Tottenham
35%
2004 Valence
35%
1996 Bayern
32%
2000 Galatasaray
32%
2001 Liverpool
32%
1999 Parme
32%
2008 Zénith Saint Petersbourg
32%
1998 Inter
29%
1973 Liverpool
29%
1976 Liverpool
29%
2005 Cska
26%
2002 Feyenoord
26%
1991 Inter
26%
1994 Inter
26%
1992 Ajax
24%
1988 Bayer Leverkusen
24%
1974 Feyenoord
24%
1982 IFK Goteborg
24%
1987 IFK Goteborg
24%
1993 Juventus
24%
1989 Napoli
24%
1995 Parme
24%
1984 Tottenham
24%
1977 Juventus
21%
1990 Juventus
21%
1978 PSV
21%
1985 Real Madrid
21%
1986 Real Madrid
21%
1980 Francfort
18%
1975 Monchengladbach
18%
1979 Monchengladbach
18%
1997 Schalke 04
18%
1983 Anderlecht
15%
1981 Ipswich Town
15%
Aucun quiz correspondant
Distribution des résultats
% des personnes avec chaque résultat
Percentile par nombre de réponses
Votre historique - résultats
Vous n’avez pas pris ce quiz depuis la dernière actualisation